Normal view
MARC view
- Hillary Cliton
Entry Personal Name
001 - CONTROL NUMBER
- control field: 9460
003 - CONTROL NUMBER IDENTIFIER
- control field: NUST
005 - DATE AND TIME OF LATEST TRANSACTION
- control field: 20180122103449.0
008 - FIXED-LENGTH DATA ELEMENTS
- fixed length control field: 180122|| aca||aabn | a|a d
040 ## - CATALOGING SOURCE
- Original cataloging agency: NUST
- Transcribing agency: NUST
100 ## - HEADING--PERSONAL NAME
- Personal name: Hillary Cliton
670 ## - SOURCE DATA FOUND
- Source citation: Work cat.: (NUST)321341: Hillary Cliton, Zinda Tareekh : Autobiography of Hillary Cliton, 2008
